[Event "Burjassot U2200 op 5th"]
[Site "Burjassot"]
[Date "2017.09.29"]
[Round "4"]
[White "Nunez Diaz, Daniel"]
[Black "Benitez Lopez, Julio"]
[Result "0-1"]
[WhiteElo "1556"]
[BlackElo "1839"]
[PlyCount "74"]
[EventDate "2017.09.08"]
[EventType "swiss"]
[EventRounds "7"]
[EventCountry "ESP"]
[SourceTitle "EXT 2024"]
[Source "ChessBase"]
[SourceDate "2023.10.10"]
[SourceVersion "1"]
[SourceVersionDate "2023.10.10"]
[SourceQuality "1"]

1. e4 c5 2. Nf3 e6 3. d4 cxd4 4. Nxd4 a6 5. Nc3 Qc7 6. Be2 Nf6 7. 0-0 Nc6 8. Be3 b5 9. Bf3 Bb7 10. Nb3 d6 11. Bf4 Be7 12. Re1 Rb8 13. a3 0-0 14. Qd2 h6 15. Rad1 Rfd8 16. Qe2 e5 17. Bc1 Rbc8 18. Bg4 Rb8 19. f4 b4 20. axb4 Nxb4 21. Bf3 Rbc8 22. Be3 Qb8 23. Na5 Ba8 24. Nc4 Nxc2 25. Qxc2 Rxc4 26. Ra1 Qc8 27. Ra4 Rxa4 28. Qxa4 Bc6 29. Qa5 Qb7 30. fxe5 dxe5 31. Qxe5 Bd6 32. Qa5 Bc7 33. Qf5 Qxb2 34. Bxh6 Qxc3 35. Rc1 Qd4+ 36. Kh1 gxh6 37. g3 Bd7 0-1